[Event "Sec Almed op"]
[Site "Sec u Chrudimi"]
[Date "2008.10.27"]
[Round "3"]
[White "Dostal, Karel"]
[Black "Cerny, Lumir"]
[Result "1-0"]
[WhiteElo "1552"]
[BlackElo "1701"]
[PlyCount "97"]
[EventDate "2008.10.25"]
[EventType "swiss"]
[EventRounds "9"]
[EventCountry "CZE"]
[SourceTitle "EXT 2022"]
[Source "ChessBase"]
[SourceDate "2021.10.06"]
[SourceVersion "1"]
[SourceVersionDate "2021.10.06"]
[SourceQuality "1"]

1. e4 c5 2. Nf3 Nc6 3. d4 cxd4 4. Nxd4 Nf6 5. Nc3 e5 6. Nde2 Bb4 7. a3 Ba5 8. b4 Bb6 9. h3 Nd4 10. Be3 Nxe2 11. Bxb6 Nxc3 12. Bxd8 Nxd1 13. Bxf6 Nxf2 14. Bxg7 Nxh1 15. Bxh8 Ng3 16. Bxe5 Nxe4 17. Bd3 d5 18. Rd1 Bf5 19. Bb5+ Ke7 20. Rxd5 a6 21. Bc4 Rc8 22. Rd4 Ng5 23. Bd3 Bxh3 24. Kf2 Be6 25. Bf4 h6 26. c4 f5 27. c5 Nf7 28. Ke3 h5 29. g3 Rh8 30. Bc4 Kf6 31. a4 Re8 32. Kd3 Rg8 33. Bxe6 Kxe6 34. Kc4 Rg7 35. b5 axb5+ 36. axb5 Ne5+ 37. Bxe5 Kxe5 38. Rd5+ Ke4 39. Rd4+ Ke3 40. Rd3+ Kf2 41. c6 bxc6 42. bxc6 Ke2 43. Rb3 Rg4+ 44. Kd5 f4 45. gxf4 Rxf4 46. c7 Rf5+ 47. Kc6 Rf6+ 48. Kb7 Rf7 49. Kb8 1-0

[Event "Plzen op-C 9th"]
[Site "Plzen"]
[Date "2003.??.??"]
[Round "2"]
[White "Dostal, Karel"]
[Black "Albrecht, J."]
[Result "0-1"]
[WhiteElo "1415"]
[BlackElo "1695"]
[PlyCount "80"]
[EventDate "2003.08.??"]
[EventType "swiss"]
[EventRounds "9"]
[EventCountry "CZE"]
[SourceTitle "EXT 2005"]
[Source "ChessBase"]
[SourceDate "2004.11.15"]
[SourceVersion "1"]
[SourceVersionDate "2004.11.15"]
[SourceQuality "1"]

1. e4 c5 2. Nf3 g6 3. d4 Bg7 4. Be3 d6 5. Nc3 cxd4 6. Nxd4 Nf6 7. h3 0-0 8. Bd3 Nbd7 9. 0-0 a6 10. f4 e5 11. fxe5 dxe5 12. Nf3 Qc7 13. Nd5 Nxd5 14. exd5 b5 15. Ng5 Bb7 16. Be4 Qd6 17. Rc1 h6 18. Nxf7 Rxf7 19. Rxf7 Kxf7 20. b3 Nf6 21. Bf3 e4 22. Be2 Qxd5 23. Qf1 Qf5 24. Qd1 Kg8 25. c4 bxc4 26. Rxc4 Rc8 27. Rb4 Bd5 28. Bxa6 Ra8 29. Qe2 Nh5 30. Rb5 Nf6 31. Bb7 Rd8 32. Bxd5+ Nxd5 33. Qc4 Kh7 34. a4 Qe5 35. Bd4 Qxd4+ 36. Qxd4 Bxd4+ 37. Kf1 Rf8+ 38. Ke1 Bf2+ 39. Kf1 Bg3+ 40. Kg1 Ne3 0-1

[Event "Plzen op-C 9th"]
[Site "Plzen"]
[Date "2003.??.??"]
[Round "8"]
[White "Dostal, Karel"]
[Black "Pekar, Frantisek"]
[Result "0-1"]
[WhiteElo "1415"]
[BlackElo "1889"]
[PlyCount "82"]
[EventDate "2003.08.??"]
[EventType "swiss"]
[EventRounds "9"]
[EventCountry "CZE"]
[SourceTitle "EXT 2005"]
[Source "ChessBase"]
[SourceDate "2004.11.15"]
[SourceVersion "1"]
[SourceVersionDate "2004.11.15"]
[SourceQuality "1"]

1. e4 c5 2. Nf3 d6 3. d4 cxd4 4. Nxd4 Nf6 5. Nc3 a6 6. Bg5 e6 7. Qf3 Nbd7 8. 0-0-0 Qc7 9. Qg3 h6 10. Bxf6 Nxf6 11. Bd3 b5 12. a3 Bb7 13. Rhe1 e5 14. Nf5 g6 15. Ne3 Bg7 16. Ned5 Bxd5 17. Nxd5 Nxd5 18. exd5 0-0 19. Kb1 Rab8 20. c3 a5 21. Rc1 Qb7 22. b4 axb4 23. cxb4 Qxd5 24. Be4 Qe6 25. Red1 Kh7 26. Qd3 f5 27. Bc6 Rfd8 28. Kc2 e4 29. Qb3 Qe5 30. g3 h5 31. Rd5 Qf6 32. h3 Bh6 33. Rcd1 Rbc8 34. Kb1 Rxc6 35. Rxb5 Rd7 36. Rb8 Rf7 37. Qd5 Bg7 38. Qa2 Rcc7 39. b5 Qe5 40. a4 e3 41. fxe3 Qe4+ 0-1

[Event "Plzen op-C 9th"]
[Site "Plzen"]
[Date "2003.??.??"]
[Round "3"]
[White "Strejcek, P."]
[Black "Dostal, Karel"]
[Result "1/2-1/2"]
[WhiteElo "1628"]
[BlackElo "1415"]
[PlyCount "75"]
[EventDate "2003.08.??"]
[EventType "swiss"]
[EventRounds "9"]
[EventCountry "CZE"]
[SourceTitle "EXT 2005"]
[Source "ChessBase"]
[SourceDate "2004.11.15"]
[SourceVersion "1"]
[SourceVersionDate "2004.11.15"]
[SourceQuality "1"]

1. d4 c5 2. d5 Nf6 3. c4 e6 4. Nc3 exd5 5. cxd5 d6 6. e4 g6 7. Bd3 a6 8. a4 Bg7 9. Nf3 0-0 10. Bf4 Re8 11. 0-0 Nh5 12. Bg5 Nf6 13. Nd2 Nbd7 14. Nc4 Ne5 15. Re1 Nxd3 16. Qxd3 Qc7 17. a5 Rb8 18. Qd2 Nd7 19. Bh6 Ne5 20. Nxe5 Bxe5 21. Na4 f5 22. f3 fxe4 23. fxe4 Bd7 24. Nb6 Bb5 25. Rac1 Bd4+ 26. Be3 Bxe3+ 27. Rxe3 Qe7 28. Nc4 Bxc4 29. Rxc4 Qg5 30. b4 cxb4 31. Rxb4 Rf8 32. Qe1 Qe5 33. Rbb3 Rf7 34. Rf3 Rbf8 35. Rxf7 Rxf7 36. Qb4 Qe7 37. h3 Qe5 38. Kh1 1/2-1/2